000
00314nam a2200121Ia 4500
008
190216s9999||||xx |||||||||||||| ||und||
100
_a
Aswathappa
245
0
_a
Essentials Of Production Management
260
_b
Tata Mcgraw Hill Publishing Company Ltd
_c
1998
300
_a
411p
650
_a
Management
942
_c
BK
999
_c
6471
_d
6471